| 000 | 00557nam a22001937a 4500 | ||
|---|---|---|---|
| 999 |
_c16467 _d16467 |
||
| 003 | AR-CdUCM | ||
| 008 | 190503b ||||| |||| 00| 0 spa d | ||
| 020 | _a84-220-0820-3 | ||
| 040 |
_aMUNICIPALIDAD PROVINCIAL DEL CUSCO _cBIBLIOTECA MUNICIPAL DEL CUSCO |
||
| 082 |
_a800 / _bD71 |
||
| 110 |
_aDiccionarios rioduero _935926 |
||
| 245 | _aLiteratura I / | ||
| 260 |
_aMadrid : _bEdica, _c1977 |
||
| 300 |
_a298 páginas ; _c20 cm. |
||
| 505 | _aContenido : Diccionario | ||
| 650 |
_aDiccionario _95196 |
||
| 942 |
_2ddc _cLIBROS |
||
| 945 |
_arah _d03/05/2019 |
||